<?xml version="1.0" encoding="UTF-8"?>
<record
    xmlns:xsi="http://www.w3.org/2001/XMLSchema-instance"
    xsi:schemaLocation="http://www.loc.gov/MARC21/slim http://www.loc.gov/standards/marcxml/schema/MARC21slim.xsd"
    xmlns="http://www.loc.gov/MARC21/slim">

  <leader>00787nam a22001337a 4500</leader>
  <datafield tag="040" ind1=" " ind2=" ">
    <subfield code="c">RUA</subfield>
  </datafield>
  <datafield tag="082" ind1=" " ind2=" ">
    <subfield code="a">AVM SEA 2018 B649 Or.1</subfield>
  </datafield>
  <datafield tag="100" ind1=" " ind2=" ">
    <subfield code="a">SEAN BORIN &#x179F;&#x17C0;&#x1784;&#x200B; &#x1794;&#x17BC;&#x179A;&#x17B7;&#x1793;</subfield>
  </datafield>
  <datafield tag="245" ind1=" " ind2=" ">
    <subfield code="a">gastro intesting parasites in native chickens ( Gallus Gallus domitic us L) at kampong pranak market of preah vihear province &#x1794;&#x179A;&#x17B6;&#x179F;&#x17B7;&#x178F;&#x1793;&#x17C5;&#x1780;&#x17D2;&#x1793;&#x17BB;&#x1784;&#x1794;&#x17D2;&#x179A;&#x178A;&#x17B6;&#x1794;&#x17CB;&#x179A;&#x17C6;&#x179A;&#x17B6;&#x1799;&#x17A2;&#x17B6;&#x17A0;&#x17B6;&#x179A;&#x1794;&#x179F;&#x17CB;&#x1798;&#x17B6;&#x1793;&#x17CB;&#x1796;&#x17BC;&#x1787;&#x1780;&#x17D2;&#x1793;&#x17BB;&#x1784;&#x179F;&#x17D2;&#x179A;&#x17BB;&#x1780;&#x1793;&#x17C5;&#x1795;&#x17D2;&#x179F;&#x17B6;&#x179A;&#x1780;&#x17C6;&#x1796;&#x17BB;&#x1784;&#x1794;&#x17D2;&#x179A;&#x178E;&#x17B6;&#x1780; &#x1781;&#x17C1;&#x178F;&#x17D2;&#x178F;&#x1794;&#x17D2;&#x179A;&#x178E;&#x17B6;&#x1780; &#x1781;&#x17C1;&#x178F;&#x17D2;&#x178F;&#x1796;&#x17D2;&#x179A;&#x17C7;&#x179C;&#x17B7;&#x17A0;&#x17B6;&#x179A;</subfield>
  </datafield>
  <datafield tag="260" ind1=" " ind2=" ">
    <subfield code="a">RUA</subfield>
    <subfield code="b">Phnom penh</subfield>
    <subfield code="c">2018</subfield>
  </datafield>
  <datafield tag="300" ind1=" " ind2=" ">
    <subfield code="a">vii;36p</subfield>
    <subfield code="b">ill;</subfield>
    <subfield code="c">29cm</subfield>
  </datafield>
  <datafield tag="856" ind1=" " ind2=" ">
    <subfield code="u">https://drive.google.com/file/d/1lolgCzpDqYnaFZXBto37ZWBBFRX_2CGt/view?usp=sharing</subfield>
  </datafield>
  <datafield tag="942" ind1=" " ind2=" ">
    <subfield code="c">AVM</subfield>
  </datafield>
  <datafield tag="999" ind1=" " ind2=" ">
    <subfield code="c">18321</subfield>
    <subfield code="d">18321</subfield>
  </datafield>
  <datafield tag="952" ind1=" " ind2=" ">
    <subfield code="0">0</subfield>
    <subfield code="1">0</subfield>
    <subfield code="2">ddc</subfield>
    <subfield code="4">0</subfield>
    <subfield code="6">AVM_SEA_2018_000000000000000_B649_OR_1</subfield>
    <subfield code="7">0</subfield>
    <subfield code="9">82053</subfield>
    <subfield code="a">LBB</subfield>
    <subfield code="b">LBB</subfield>
    <subfield code="c">B649</subfield>
    <subfield code="d">2019-10-24</subfield>
    <subfield code="l">1</subfield>
    <subfield code="o">AVM SEA 2018 B649 Or.1</subfield>
    <subfield code="p">A43311</subfield>
    <subfield code="r">2020-09-25</subfield>
    <subfield code="s">2020-09-11</subfield>
    <subfield code="w">2019-10-24</subfield>
    <subfield code="y">AVM</subfield>
  </datafield>
  <datafield tag="952" ind1=" " ind2=" ">
    <subfield code="0">0</subfield>
    <subfield code="1">0</subfield>
    <subfield code="2">ddc</subfield>
    <subfield code="4">0</subfield>
    <subfield code="6">AVM_SEA_2018_000000000000000_B649_OR_2</subfield>
    <subfield code="7">0</subfield>
    <subfield code="9">82054</subfield>
    <subfield code="a">LBB</subfield>
    <subfield code="b">LBB</subfield>
    <subfield code="c">B649</subfield>
    <subfield code="d">2019-10-24</subfield>
    <subfield code="l">1</subfield>
    <subfield code="o">AVM SEA 2018 B649 Or.2</subfield>
    <subfield code="p">A43766</subfield>
    <subfield code="r">2025-02-28</subfield>
    <subfield code="s">2025-02-17</subfield>
    <subfield code="w">2019-10-24</subfield>
    <subfield code="y">AVM</subfield>
  </datafield>
  <datafield tag="952" ind1=" " ind2=" ">
    <subfield code="0">0</subfield>
    <subfield code="1">0</subfield>
    <subfield code="2">ddc</subfield>
    <subfield code="4">0</subfield>
    <subfield code="6">AVM_SEA_2018_000000000000000_B649_OR_3</subfield>
    <subfield code="7">0</subfield>
    <subfield code="9">82055</subfield>
    <subfield code="a">LBB</subfield>
    <subfield code="b">LBB</subfield>
    <subfield code="c">B649</subfield>
    <subfield code="d">2019-10-24</subfield>
    <subfield code="l">2</subfield>
    <subfield code="o">AVM SEA 2018 B649 Or.3</subfield>
    <subfield code="p">A43851</subfield>
    <subfield code="r">2021-09-27</subfield>
    <subfield code="s">2021-09-13</subfield>
    <subfield code="w">2019-10-24</subfield>
    <subfield code="y">AVM</subfield>
  </datafield>
  <datafield tag="952" ind1=" " ind2=" ">
    <subfield code="0">0</subfield>
    <subfield code="1">0</subfield>
    <subfield code="2">ddc</subfield>
    <subfield code="4">0</subfield>
    <subfield code="6">AVM_SEA_2018_000000000000000_B649_OR_4</subfield>
    <subfield code="7">0</subfield>
    <subfield code="9">82056</subfield>
    <subfield code="a">LBB</subfield>
    <subfield code="b">LBB</subfield>
    <subfield code="c">B649</subfield>
    <subfield code="d">2019-10-24</subfield>
    <subfield code="l">1</subfield>
    <subfield code="o">AVM SEA 2018 B649 Or.4</subfield>
    <subfield code="p">A42827</subfield>
    <subfield code="r">2019-11-29</subfield>
    <subfield code="s">2019-11-15</subfield>
    <subfield code="w">2019-10-24</subfield>
    <subfield code="y">AVM</subfield>
  </datafield>
  <datafield tag="952" ind1=" " ind2=" ">
    <subfield code="0">0</subfield>
    <subfield code="1">0</subfield>
    <subfield code="2">ddc</subfield>
    <subfield code="4">0</subfield>
    <subfield code="6">AVM_SEA_2018_000000000000000_B649_OR_5</subfield>
    <subfield code="7">0</subfield>
    <subfield code="9">82057</subfield>
    <subfield code="a">LBB</subfield>
    <subfield code="b">LBB</subfield>
    <subfield code="c">B649</subfield>
    <subfield code="d">2019-10-24</subfield>
    <subfield code="l">4</subfield>
    <subfield code="o">AVM SEA 2018 B649 Or.5</subfield>
    <subfield code="p">A43911</subfield>
    <subfield code="r">2021-01-20</subfield>
    <subfield code="s">2021-01-11</subfield>
    <subfield code="w">2019-10-24</subfield>
    <subfield code="y">AVM</subfield>
  </datafield>
  <datafield tag="952" ind1=" " ind2=" ">
    <subfield code="0">0</subfield>
    <subfield code="1">0</subfield>
    <subfield code="2">ddc</subfield>
    <subfield code="4">0</subfield>
    <subfield code="6">AVM_SEA_2018_000000000000000_B649_OR_6</subfield>
    <subfield code="7">0</subfield>
    <subfield code="9">82058</subfield>
    <subfield code="a">LBB</subfield>
    <subfield code="b">LBB</subfield>
    <subfield code="c">B649</subfield>
    <subfield code="d">2019-10-24</subfield>
    <subfield code="l">5</subfield>
    <subfield code="o">AVM SEA 2018 B649 Or.6</subfield>
    <subfield code="p">A43466</subfield>
    <subfield code="r">2025-08-12</subfield>
    <subfield code="s">2025-05-26</subfield>
    <subfield code="w">2019-10-24</subfield>
    <subfield code="y">AVM</subfield>
  </datafield>
</record>
